| 000 | 00475nam a2200193Ia 4500 | ||
|---|---|---|---|
| 008 | 170918s9999 xx 000 0 und d | ||
| 020 | _a590469320 | ||
| 050 | _bM382 1992 | ||
| 100 | _aMartin, Rafe | ||
| 245 | 4 | _aThe rough-face girl / | |
| 245 | _cby Rafe Martin ; illustrated by David Shannon. | ||
| 260 | _aNew York : | ||
| 260 | _bScholastic, | ||
| 260 | _c1992 | ||
| 300 | _aunpaged : | ||
| 300 | _bcolored illustration ; | ||
| 300 | _c28cm. | ||
| 500 | _a540 | ||
| 999 |
_c341586 _d341586 |
||